000 00866nam a22003017a 4500
003 URS
005 20240716182751.0
008 230920t2022 |||||||| |||| 00| 0 eng d
020 _a9786210436778
040 _cURS
050 1 4 _aHD30.4
_bR4496 2022
100 1 _aRiguera, Maria Anita A.
_eauthor
245 1 0 _aManagement science /
_cMaria Anita A. Riguera, DBA.
260 _c2022
264 1 _aManila :
_bRex Bookstore,
_c[2022]
264 4 _ccopyright 2022
300 _axii, 217 pages ;
_c26 cm
336 _2rdacontent
_atext
337 _2rdamedia
_aunmediated
338 _2rdacarrier
_avolume
504 _aIncludes bibliographical references and index.
650 0 _aManagement
650 0 _aManagement science
650 0 _aBusiness decision making
650 0 _aOperations research
650 0 _aManagement planning
942 _2lcc
_cF
999 _c78223
_d78222